Statistiques concernant Les romans de... Émile Zola*

Cliquez ici pour prendre le quiz!

Statistiques générales

  • Ce quiz a été pris 226 fois
  • Le résultat moyen est 9 sur 20

Statistiques - réponses

Date de parutionTitre% Correct
1885Germinal
93%
1880Nana
83%
1878L'Assommoir
79%
1883Au Bonheur des Dames
72%
1890La Bête humaine
58%
1873Le Ventre de Paris
52%
1871La Fortune des Rougon
47%
1872La Curée
41%
1886L'Œuvre
39%
1875La Faute de l'abbé Mouret
35%
1891L'Argent
34%
1887La Terre
34%
1882Pot-Bouille
31%
1893Le Docteur Pascal
30%
1892La Débâcle
24%
1888Le Rêve
23%
1876Son Excellence Eugène Rougon
23%
1874La Conquête de Plassans
21%
1883La Joie de vivre
16%
1878Une page d'amour
16%

Distribution des résultats

Percentile par nombre de réponses

% des personnes avec chaque résultat

Votre développement - résultats

Vous n’avez pas pris ce quiz